000 003480000a22001450004500
003 MACL
040 _aMACL
090 _c6127
_d6126
100 _aBasu, Motilal
245 _aRamakrishna Sadhan Parikrama
_bRamkrishana's Spiritual Practices: A Study
260 _bSreemati Mira Basu
_c1981
350 _a22
650 _aReligion
942 _cBOOK
_k294
999 _c6079
_d6079